000 01304nam a2200217Ia 4500
003 Ost
005 20260507075505.0
008 260507s9999||||xx |||||||||||||| ||und||
020 _a9789957499563
040 _cfsecg
041 _aara
082 _a332.6
100 _aعرفة، سيد سالم
_eمؤلف
245 0 _aإدارة المخاطر الإستثمارية /
_c سيد سالم عرفة
260 _aعمان:
_bدار الراية,
_c2009
300 _a310 صفحة؛
_bإيضاحات ؛
_c25 سم
504 _aببليوغرافيا:ص ص.307-310
520 _aماهية الاستثمار،مخاطر الاستثمار،أدوات الإستثمار ومخاطرها،المحفظة الإستثماريةوكيفية قياس مخاطرها،الإستثمار بالأسهم والسندات،الأسهم والسندات وأحكامها في الفقه الإسلامي،مخاطر الإستثمار التي تواجهها المصارف الإسلامية،المشتقات المالية وإدارة مخاطرها،أساليب دراسة وتقييم المشروعات الإستثمارية وإدارة مخاطرها،أسواق رأس المال الإستثمارية،الإستثمار الأجنبي
653 _aالإستثمار
942 _cكتاب
999 _c44712
_d44712